| 000 | 00539nam a2200193 a 4500 | ||
|---|---|---|---|
| 005 | 20230602063743.0 | ||
| 008 | 090511s2006 mx r 000 0 spa d | ||
| 020 | _a9707706406 | ||
| 035 | _aUPN01000170339 | ||
| 049 | _aCG | ||
| 050 | 4 |
_aPQ7297 A7.75 _bB8.7 |
|
| 100 | 1 |
_aAridjis, Homero, _d1940- _928750 |
|
| 245 | 1 | 3 |
_aLa búsqueda de Archelon : _bodisea de las siete tortugas / _cHomero Aridjis. |
| 260 |
_aMéxico : _bAlfaguara, _c2006. |
||
| 300 | _a265 p. | ||
| 440 | 0 | _aRoja | |
| 650 | 4 |
_aNovela mexicana _94557 |
|
| 905 | _aLibro | ||
| 999 |
_c142444 _d142444 |
||